Extracelulárna expresia rekombinantných proteínov a možnosti ich izolácie

Salvato in:
Dettagli Bibliografici
Autore principale: Görögová, Dominika (Autore)
Altri autori: Petrovičová, Tatiana (Relatore della tesi)
Natura: Manoscritto Libro
Lingua:slovacco
Pubblicazione: 2025
Soggetti:
Accesso online:http://is.stuba.sk/zp/portal_zp.pl?podrobnosti=192012
Tags: Aggiungi Tag
Nessun Tag, puoi essere il primo ad aggiungerne!!

MARC

LEADER 00000ntm a22000003a 4500
001 stuzp105077
003 SK-STU
005 20250628212330.7
007 ta
008 150427s2015----xo-----f-mn---000-0-slo-d
040 |a STU  |b slo 
041 0 |a slo 
100 1 |a Görögová, Dominika  |u 044000  |4 aut  |U FCHPT Fakulta chemickej a potravinárskej technológie  |T FCHPT Ústav biotechnológie  |X 116090  |U C4000  |Y 102  |7 116090 
242 0 1 |a Extracellular Expression of Recombinant Proteins and Their Isolation Possibilities  |y eng 
245 1 0 |a Extracelulárna expresia rekombinantných proteínov a možnosti ich izolácie 
260 |c 2025 
650 4 |a iónovýmenná chromatografia  |2 slo 
650 4 |a Pichia pastoris  |2 slo 
650 4 |a myrozináza  |2 slo 
650 4 |a rekombinantná expresia  |2 slo 
650 4 |a Pichia pastoris  |2 eng 
650 4 |a myrosinase  |2 eng 
650 4 |a recombinant expression  |2 eng 
650 4 |a ion-exchange chromatography  |2 eng 
700 1 |a Petrovičová, Tatiana  |u 044000  |k Z1  |4 ths  |U FCHPT Fakulta chemickej a potravinárskej technológie  |T FCHPT Ústav biotechnológie  |X 42770  |U C4000  |Y 102  |7 A000042770 
856 4 |u http://is.stuba.sk/zp/portal_zp.pl?podrobnosti=192012